[Event "4th Ordu Open 2018"]
[Site "Ordu"]
[Date "2018.04.12"]
[Round "1.1"]
[White "Kovalenko, Igor"]
[Black "Ameir, Moheb"]
[Result "1-0"]
[WhiteElo "2630"]
[BlackElo "2323"]
[Annotator "TA"]
[PlyCount "131"]
[EventType "swiss"]
[EventCountry "TUR"]
[SourceTitle "playchess.com"]
[Source "ChessBase"]
[SourceQuality "1"]

{[%evp 17,131,0,0,-1,18,13,17,6,38,29,18,18,33,19,35,25,41,35,49,44,36,43,33,36,26,30,88,90,68,43,40,18,45,38,71,0,28,0,85,87,86,95,212,217,220,187,315,331,300,281,273,97,106,92,126,114,127,138,139,0,85,89,131,135,141,112,137,131,133,134,310,307,258,287,387,356,390,385,374,360,486,512,468,438,420,393,497,427,654,654,539,515,505,452,663,648,640,608,987,1031,992,900,1329,1182,2527,2425,5691,4758,3952,2780,4710,3214,5320,4818,29983,29984]} 1. d4 d5 2. c4 c6 3. Nf3 Nf6 4. Nc3 dxc4 5. a4 Bf5 6. Ne5 Nbd7 7. Nxc4 Qc7 8. Bg5 {D17: Slav Defence: 5 a4 Bf5: Lines with 6 Nh4 and 6 Ne5} e5 9. e3 Be7 {LiveBook: 11 Games} 10. Bh4 {The position is equal.} Be6 11. Bg3 {[%cal Rc4e5]} Bxc4 12. Bxc4 Rd8 $146 ({Predecessor:} 12... O-O 13. O-O Qa5 14. Qb3 exd4 15. exd4 Nb6 {0-1 (59) Barsov,A (2537)-Bu,X (2671) Doha 2006}) 13. O-O O-O 14. Qb3 Bd6 15. Rfc1 Qb8 16. d5 Nc5 17. Qc2 e4 18. Rd1 a5 19. Rd4 Bxg3 20. hxg3 Qe5 {[%cal Rc6d5]} 21. Rad1 Rd6 (21... Rb8 $11) 22. dxc6 $16 Rxc6 23. Qe2 g6 24. Bd5 Nxd5 25. Rxd5 Qe6 26. R1d4 (26. Qb5 $1 $16 b6 27. Re5 Qxe5 28. Qxc6) 26... Re8 27. Qb5 b6 (27... Rec8 $1 $11) 28. Re5 $1 $36 {[%cal Re5e6][%mdl 2048] White is in control.} Qxe5 29. Qxc6 Re6 (29... Rb8 $16) 30. Rd8+ $1 $18 Kg7 31. Qc8 Kh6 (31... h5 $142 32. Rh8 Re7) 32. Rd5 Qf6 33. g4 ({Not} 33. Qf8+ Qg7 $16) 33... Qe7 34. Qh8 $2 (34. g5+ $18 Kg7 35. Rd8 Qxg5 36. Rh8) 34... f6 $16 35. Qb8 Qb7 36. Qf8+ Qg7 37. Qc8 Qe7 {[#]} 38. Qb8 ({White should play} 38. Nb5 $1) 38... Qb7 $1 {[%cal Rb7b8]} 39. Qd8 Qe7 {[#]} 40. Qxe7 $1 Rxe7 {[%mdl 4096] Endgame KRN-KRN} 41. Rd6 Rb7 42. Rxf6 Kg5 43. Rf4 Rd7 $2 (43... Re7 $16 {was necessary.} 44. Kh2 Kh4) 44. Nxe4+ $18 Nxe4 45. Rxe4 {KR-KR} Rd1+ 46. Kh2 Rd2 47. Kg3 Rxb2 48. Re6 Rb4 49. f4+ Kh6 50. Kf3 Kg7 51. Re4 Rb2 52. Re7+ Kg8 (52... Kf6 $142 53. Rxh7 g5 54. Rh6+ Kg7 55. fxg5 Rb4) 53. g5 Rb4 54. Re4 Rb2 55. Rd4 Kf7 (55... h5 $142 56. gxh6 Kh7) 56. Rd7+ Kg8 57. g4 b5 58. axb5 Rxb5 59. Ra7 Rc5 60. Ke4 Rb5 61. f5 {[%cal Bf4f5,Bf5f6][%mdl 32]} Rb4+ 62. Ke5 Rb5+ 63. Kf4 Rc5 64. e4 {[%cal Be3e4,Be4e5][%mdl 32]} Rb5 65. f6 Rc5 66. e5 {Precision: White = 72%, Black = 31%.} 1-0

[Event "4th Ordu Open 2018"]
[Site "Ordu"]
[Date "2018.04.11"]
[Round "1.2"]
[White "Alinasab, Mobina"]
[Black "Abasov, Nijat"]
[Result "0-1"]
[WhiteElo "2320"]
[BlackElo "2622"]
[Annotator "TA"]
[PlyCount "102"]
[EventType "swiss"]
[EventCountry "TUR"]
[SourceTitle "playchess.com"]
[Source "ChessBase"]
[SourceQuality "1"]

{[%evp 24,102,78,44,60,48,45,42,37,41,49,55,75,78,75,70,66,72,70,57,108,90,119,124,124,124,124,124,118,118,126,138,135,120,135,141,135,135,167,166,166,150,141,150,145,140,139,112,136,129,135,82,89,72,71,78,78,76,110,106,94,72,139,104,123,89,274,266,329,-4,-16,-255,-257,-258,-256,-476,-476,-469,-469,-29985,-29986]} 1. e4 e5 2. Nf3 Nc6 3. Bb5 a6 4. Ba4 Nf6 {[%cal Bg8f6,Bf6d7,Bd7b6][%mdl 32]} 5. O-O Be7 6. Re1 b5 7. Bb3 O-O 8. c3 d6 9. h3 Nd7 10. d4 Bf6 11. a4 Bb7 12. d5 Na5 13. Bc2 {LiveBook: 10 Games. C92: Closed Ruy Lopez: 9...Be6, Karpov and Flohr-Zaitsev Variations} Nb6 (13... Be7 14. Na3 c6 15. b4 Nc4 16. Nxc4 bxc4 17. dxc6 Bxc6 18. Nd2 d5 19. exd5 Bxd5 20. Nf3 Bxf3 21. Qxf3 {1-0 (42) Leko,P (2635)-Pinter,J (2590) Budapest 1997}) 14. Nbd2 c6 15. b4 $146 {axb5 is the strong threat.White is slightly better.} ({Predecessor:} 15. axb5 axb5 16. dxc6 Bxc6 17. Nf1 Nb7 18. Rxa8 Qxa8 19. Ng3 g6 {0-1 (36) Yueh,R-SH Dos Hermanas 2003}) 15... Nac4 16. a5 Nxd2 17. Nxd2 Nc4 18. Nxc4 bxc4 19. dxc6 Bxc6 20. Be3 Be7 21. Qe2 Rc8 ({Black should play} 21... Bb5 $1 $14) 22. Red1 Ba8 23. Ba4 {aiming for Bb6.} Qc7 24. Bb6 Qb7 25. f3 f5 26. exf5 Rxf5 27. Bc2 Rf4 28. Be3 Rff8 29. Be4 Qb5 {[#]} 30. Qc2 $1 d5 31. Bxh7+ Kh8 32. Qg6 {White wants to mate with Qh5.} Qe8 33. Qxe8 Rcxe8 34. Bg6 Rc8 35. Bc2 Kg8 36. Ba4 Kf7 37. b5 (37. Bb6 $142) 37... axb5 $16 38. Bxb5 Bc5 39. Kf2 Ke7 40. a6 $36 {[%cal Ba5a6,Ba6a7][%mdl 2080] Black is under strong pressure.} Rf6 41. Rdb1 Rb6 42. a7 Kd6 (42... Bxe3+ $142 43. Kxe3 Rc7) 43. Ke2 d4 44. cxd4 ({Inferior is} 44. Bxc4 dxe3 45. Rd1+ Ke7 $17) 44... exd4 $2 (44... Bxd4 $16 {is a better defense.} 45. Ba4 Rxb1 46. Rxb1 Rc7) 45. Bf4+ $18 ({But not} 45. Bxc4 $2 dxe3 46. Rxb6+ Bxb6 $19) 45... Kd5 46. Bxc4+ $2 ({White should try} 46. Ra4 $18) 46... Kxc4 $11 47. Rxb6 $2 (47. Rc1+ $11 {and White has nothing to worry.} Kd5 48. Ra5) 47... Re8+ $19 48. Kd2 Bxb6 49. Bc7 $2 (49. Bd6) 49... Bc5 ({Not} 49... Bxc7 50. Rc1+ Kd5 51. Rxc7 $15) 50. Rc1+ Kd5 51. Bb8 {[#]} (51. Rb1 $19 Bxa7 52. Rb2) 51... Bb4+ {Precision: White = 49%, Black = 57%.} 0-1

[Event "4th Ordu Open 2018"]
[Site "Ordu"]
[Date "2018.04.11"]
[Round "1.3"]
[White "Bernadskiy, Vitaliy"]
[Black "Tanriverdi, Enes"]
[Result "1-0"]
[WhiteElo "2584"]
[BlackElo "2314"]
[Annotator "TA"]
[PlyCount "89"]
[EventType "swiss"]
[EventCountry "TUR"]
[SourceTitle "playchess.com"]
[Source "ChessBase"]
[SourceQuality "1"]

{[%evp 29,89,6,46,0,0,0,8,0,0,13,13,8,8,4,17,-18,-11,-39,-26,-43,-46,-54,-57,-80,-45,-52,-55,-50,-53,-45,10,-63,27,43,73,43,66,62,81,64,152,145,209,215,250,252,629,641,657,228,212,216,683,636,680,671,2910,2756,29993,29994,29995,29996]} 1. e4 c5 2. Ne2 Nc6 3. Nbc3 e6 4. d4 cxd4 5. Nxd4 Qc7 6. Be2 a6 7. O-O Nf6 8. Be3 Be7 9. f4 d6 10. a4 O-O 11. Nb3 b6 12. Bf3 Bb7 13. g4 Rfe8 14. g5 {B85: Sicilian Scheveningen: 6 Be2 a6, lines with early Be3} Nd7 15. Bg2 Bf8 {LiveBook: 22 Games} 16. h4 {White is slightly better.} (16. Qd2 Na5 17. Nxa5 bxa5 18. Rad1 Bc6 19. b3 Qb7 20. Bd4 Rac8 {0-1 (40) Neiksans,A (2487)-Ivanchuk,V (2739) Warsaw 2009}) 16... Nb4 $146 ({Predecessor:} 16... g6 17. h5 Rac8 18. hxg6 hxg6 19. Rf2 {1-0 (52) Campora,D (2426)-Guerra,V (2113) Lisbon 2018}) 17. Qd2 Nc5 18. Nd4 d5 {[%cal Rc5e4]} 19. e5 Ne4 20. Nxe4 dxe4 21. c3 Nd3 22. Qe2 Bd5 23. Kh1 Rac8 24. h5 Bc5 25. b4 Be7 26. Bd2 Qb7 27. Kh2 a5 28. bxa5 bxa5 29. Rab1 Qd7 (29... Qa8 $15) 30. g6 ({Better is} 30. Bxe4 $11 Bxe4 31. Qxe4) 30... fxg6 ({Black should try} 30... f5 $1 $15 31. exf6 Bxf6) 31. hxg6 $11 h6 32. Bxe4 Bxe4 33. Qxe4 Nc5 34. Qf3 Rf8 (34... Bf8 $14) 35. Rb5 $16 Bd8 (35... Qc7 $16 36. Rfb1 Rfe8) 36. Qh3 $18 Re8 37. f5 exf5 $2 (37... Qd5 38. Kg1 Qxe5 39. Nxe6 Rxe6) 38. Rxf5 Qd5 {[#]} 39. Rf7 $2 (39. Bxh6 $1 {[%mdl 512] Threatening mate with Bc1.} Rxe5 (39... gxh6 40. Qxh6) 40. Bxg7 $1 {[%mdl 512]} Qa2+ 41. Kg1 Qa1+ 42. Kg2 (42. Rf1 Rg5+ 43. Kh1 Rh5 $11) 42... Qa2+ 43. Rf2 Qd5+ 44. Nf3 (44. Kf1 Rh5 $11) 44... Kxg7 45. Qh7+ (45. Qxc8 Rg5+ 46. Kh3 Rh5+ 47. Kg2 Rg5+ 48. Kh3 Rh5+ 49. Kg2 Rg5+ $11) 45... Kf6 46. Qh8+ Kxg6 47. Qxe5 Qxe5 48. Nxe5+ Kh7 49. Rf7+ Kg8 50. Rf4) 39... Rc7 {[#]} 40. Qf5 $1 $40 {[%mdl 128] White goes for the king.} ({Stronger than} 40. Rxa5 Rce7 $14) 40... Rce7 $2 (40... Qxe5+ 41. Bf4 Qxf5 42. Nxf5 Re2+ 43. Kh3 Rxf7 44. gxf7+ Kxf7) 41. Bf4 Qa2+ 42. Kh3 Qc4 43. Rxc5 Qxc5 {[#]} 44. Ne6 $1 {[%mdl 512]} Qxc3+ (44... Rxe6 45. Rxg7+) 45. Bg3 {Precision: White = 45%, Black = 27%.} 1-0

[Event "4th Ordu Open 2018"]
[Site "Ordu"]
[Date "2018.04.11"]
[Round "1.4"]
[White "Dogan, Nazmi Can"]
[Black "Sivuk, Vitaly"]
[Result "0-1"]
[WhiteElo "2290"]
[BlackElo "2525"]
[Annotator "TA"]
[PlyCount "40"]
[EventType "swiss"]
[EventCountry "TUR"]
[SourceTitle "playchess.com"]
[Source "ChessBase"]
[SourceQuality "1"]

{[%evp 21,40,0,0,-22,-27,-30,3,-41,32,-68,-57,-60,-45,-296,-302,-300,-297,-316,-272,-685,-680]} 1. d4 Nf6 2. c4 g6 3. Nc3 Bg7 4. e4 d6 5. Nf3 O-O 6. Be2 c6 7. O-O e5 8. Re1 exd4 9. Nxd4 Re8 10. Bf1 Nbd7 {[%cal Bb8d7,Bd7c5,Bc5e4][%mdl 32]} 11. Nb3 a5 {LiveBook: 5 Games. E95: King's Indian: Classical: 7...Nbd7 8 Re1} (11... Qe7 12. Be3 a5 13. Bd4 a4 14. Nd2 a3 15. b4 Nf8 16. Rc1 Ne6 17. Be3 h5 18. h3 g5 19. Nb3 {½-½ (107) Saric,A (2586)-Pancevski,F (2496) Struga 2016}) 12. Qxd6 a4 13. Nd2 Qb6 {Black has an edge.} 14. Nf3 (14. c5 $5 Qxc5 15. Nc4 $11) 14... a3 $146 (14... Ng4 $15 15. Re2 a3 $1 {[%mdl 512]}) ({Predecessor:} 14... Ng4 15. Qd2 Nde5 16. Nxe5 Bxe5 17. g3 Bd4 18. Nd1 Be6 {0-1 (33) Nikcevic,N (2401)-Mihajlovic,V (2366) Herceg Novi 2008}) 15. Re2 ({Better is} 15. Be3 $14 Qd8 16. b3 (16. bxa3 Ng4 $15)) 15... Nc5 $15 {[%cal Rf6e4]} 16. Be3 $1 {[%cal Re3c5]} axb2 17. Rb1 $2 {[%mdl 8192]} ({White must play} 17. Rae1 $1 $15 Nfd7 18. Bd4) 17... Nfxe4 $19 18. Nxe4 Nxe4 19. Qd3 c5 {[#]} 20. h3 $2 (20. Rbxb2 $1 {[%mdl 512]} Bxb2 (20... Qxb2 21. Rxb2) 21. Qb1) 20... Bf5 {Precision: White = 22%, Black = 63%.} 0-1

[Event "4th Ordu Open 2018"]
[Site "Ordu"]
[Date "2018.04.11"]
[Round "1.5"]
[White "Maghalashvili, Davit"]
[Black "Kamer, Kayra"]
[Result "1/2-1/2"]
[WhiteElo "2522"]
[BlackElo "2185"]
[Annotator "TA"]
[PlyCount "73"]
[EventType "swiss"]
[EventCountry "TUR"]
[SourceTitle "playchess.com"]
[Source "ChessBase"]
[SourceQuality "1"]

{[%evp 13,73,12,14,0,14,15,18,14,17,10,10,0,7,13,16,13,17,0,1,0,5,0,5,5,5,0,0,0,0,0,0,0,0,0,0,0,0,0,25,0,0,0,0,0,0,0,0,0,0,0,0,0,0,0,0,0,0,0,0,0,0,0]} 1. Nf3 Nf6 2. g3 b5 {[%cal Bb7b5,Bb5b4][%mdl 32]} 3. Bg2 Bb7 4. b3 e6 5. c4 b4 6. O-O c5 7. Bb2 Be7 {LiveBook: 13 Games. A05: Réti Opening: 1 Nf3 Nf6} (7... a5 8. d4 cxd4 9. Nxd4 Bxg2 10. Kxg2 Be7 11. e4 Nxe4 12. Qf3 d5 13. Re1 O-O 14. cxd5 exd5 15. Qg4 {0-1 (44) Pantsulaia,L (2607)-Ivanchuk,V (2747) Doha 2016}) 8. Qc2 d6 9. a3 $146 ({Predecessor:} 9. e3 Nc6 10. Rd1 h6 11. d4 cxd4 12. exd4 O-O 13. Nbd2 Qc7 14. Rac1 Rac8 15. d5 {1-0 (23) Lueckert,B-Markus,R DDR 1988}) 9... a5 10. axb4 axb4 11. Rxa8 Bxa8 12. d4 Be4 13. Qd1 Nbd7 14. Nbd2 Bb7 15. Qc2 O-O 16. dxc5 Nxc5 17. Ng5 {[#] And now Bxf6 would win.} h6 18. Bxb7 Nxb7 19. Bxf6 {[%csl Gg5][%cal Rc2h7]} hxg5 20. Bxe7 Qxe7 21. Ra1 Nc5 22. Ne4 f5 23. Nxc5 dxc5 $11 {[%mdl 4096] Endgame KQR-KQR} 24. Qd3 Rd8 25. Qe3 Rd4 26. Ra5 g4 {The position is equal.} 27. Qe5 Rd1+ 28. Kg2 Qb7+ 29. e4 Qxe4+ 30. Qxe4 fxe4 31. Rxc5 {KR-KR} e3 {[#] Hoping for ...e2.} 32. fxe3 Rd2+ 33. Kf1 {Black must now prevent Rb5.} Rb2 34. Rb5 Rxb3 35. c5 Rxe3 36. Rxb4 Rc3 37. Rxg4 {Precision: White = 51%, Black = 72%.} 1/2-1/2

[Event "4th Ordu Open 2018"]
[Site "Ordu"]
[Date "2018.04.11"]
[Round "1.6"]
[White "Aytekin, Murat Eren"]
[Black "Dvirnyy, Danyyil"]
[Result "0-1"]
[WhiteElo "2139"]
[BlackElo "2512"]
[Annotator "TA"]
[PlyCount "70"]
[EventType "swiss"]
[EventCountry "TUR"]
[SourceTitle "playchess.com"]
[Source "ChessBase"]
[SourceQuality "1"]

{[%evp 23,70,43,66,50,83,60,76,58,57,53,58,48,52,32,48,37,47,-8,0,-6,141,148,168,-60,-48,-54,-32,-47,-30,-23,-41,-52,-51,-40,-63,-173,-179,-203,-212,-202,-210,-1285,-1289,-1263,-1254,-29973,-29973,-29973,-29975]} 1. d4 Nf6 2. c4 e6 3. Nf3 c5 4. d5 exd5 5. cxd5 d6 6. Nc3 g6 7. Bf4 a6 8. a4 Bg7 9. h3 O-O 10. e3 Qe7 {A61: Modern Benoni: Nf3 without early e4} 11. Be2 (11. Bd3 Nbd7 12. O-O Ne8 13. e4 Rb8 14. Re1 Nc7 15. Qd2 Ne5 16. Nxe5 Bxe5 17. Bxe5 Qxe5 18. a5 {1-0 (42) Akobian,V (2647)-Ponkratov,P (2613) Riadh 2017}) 11... Nbd7 {[%cal Bb8d7,Bd7e5,Be5g6,Bg6f4][%mdl 32]} 12. O-O h6 {LiveBook: 3 Games. White is slightly better.} 13. Re1 $146 ({Predecessor:} 13. Bh2 Rb8 14. Nd2 Ne8 15. Ra3 f5 16. Re1 Ne5 17. Rb3 {1-0 (38) Gubsky,E (2284)-Gabrielian,A (2525) Sochi 2017}) 13... g5 14. Bg3 Ne8 15. Nd2 Rb8 16. Nc4 Ne5 17. Nb6 Bf5 18. Bf1 Nf6 19. f4 Ng6 20. e4 ({White should try} 20. Nc4 $14) 20... Nxe4 $11 21. Nxe4 {Threatens to win with Nd2.} Bxe4 {[#]} (21... gxf4 $11 {remains equal.} 22. Nxc5 Qc7) 22. f5 $1 $16 {[%mdl 512]} Nf4 (22... Bxf5 23. Rxe7) 23. a5 $2 (23. Nc4 $1 $18) 23... Bd4+ $15 (23... Bxb2 24. Ra4 $16) 24. Kh2 {Black must now prevent Bxf4.} Qe5 $36 {[%mdl 2048] [#] Black is more active.} ({Inferior is} 24... Bxb2 25. Ra4 $16) 25. Bd3 $1 {[%mdl 512]} Nxd3 (25... Bxd3 26. Rxe5) 26. Bxe5 Bxe5+ 27. g3 Nxe1 28. Qxe1 Rfe8 29. Nd7 (29. Qd2 $15) 29... Rbd8 $19 30. Qxe4 Bxb2 ({Don't do} 30... Rxd7 31. Qa4 $15) ({Don't go for} 30... Bxg3+ $2 31. Kxg3 Rxe4 32. Nf6+ Kg7 33. Nxe4 $18) 31. Qg4 Bxa1 32. f6 $2 {[#]} (32. h4 Rxd7 33. f6) 32... Re1 $1 33. h4 {[#]} Rde8 $1 34. Qh5 R8e2+ 35. Kh3 Re4 {Precision: White = 36%, Black = 68%.} 0-1

[Event "4th Ordu Open 2018"]
[Site "Ordu"]
[Date "2018.04.11"]
[Round "1.7"]
[White "Nagy, Gabor"]
[Black "Gucin, Zafer"]
[Result "1-0"]
[WhiteElo "2481"]
[BlackElo "2019"]
[Annotator "TA"]
[PlyCount "99"]
[EventType "swiss"]
[EventCountry "TUR"]
[SourceTitle "playchess.com"]
[Source "ChessBase"]
[SourceQuality "1"]

{[%evp 14,99,22,21,43,46,53,56,73,62,57,4,16,0,93,71,76,52,51,49,56,52,70,23,6,12,16,0,26,22,58,62,103,90,155,157,163,100,91,97,112,97,133,89,130,94,85,21,122,16,7,14,45,43,49,27,38,27,40,0,0,0,0,0,0,0,0,0,29,0,0,0,29985,583,4829,4468,1293,1258,1011,1003,29996,29995,29995,29996,29996,29997,29997,29998]} 1. e4 c5 2. Nf3 d6 3. d4 cxd4 4. Nxd4 Nf6 5. Nc3 a6 6. Bc4 e6 7. Bb3 Qc7 8. g4 {[%cal Bg2g4,Bg4g5][%mdl 32] LiveBook: 4 Games. B86: Sicilian Scheveningen/Najdorf: 6 Bc4, without early ...b5} (8. O-O Be7 9. Qf3 Nc6 10. Be3 O-O 11. Qg3 b5 12. Nxc6 Qxc6 13. Bh6 Nh5 14. Qg4 b4 15. Ne2 Bf6 16. c3 Bb7 17. Rae1 Kh8 18. Nd4 Qc8 {1-0 (28) Grandelius,N (2603)-Nigalidze,G (2566) Dubai 2015}) 8... Nc6 9. g5 Nxd4 10. Qxd4 {White is slightly better.} Nd7 11. Be3 Nc5 12. O-O-O (12. f4 $14) 12... Bd7 $11 13. f4 O-O-O (13... b5 $1 $11) 14. Kb1 h6 $146 ({Predecessor:} 14... Bc6 15. f5 b5 16. fxe6 fxe6 {1-0 (38) Weichhold,P (2236)-Lipien,W (2076) Polanica Zdroj 2011}) 15. gxh6 Rxh6 16. f5 Rh3 17. fxe6 fxe6 18. Bg5 Re8 $1 19. Rhf1 Bc6 $1 20. Qd2 Kb8 21. Bf4 Ka8 22. Bg3 Rh8 23. Qe3 ({Of course not} 23. Bxd6 Bxd6 24. Qxd6 Qxd6 $15) 23... Nd7 (23... Nxb3 $142 24. axb3 (24. cxb3 Rd8 $14) 24... Rd8) 24. Rxf8 $1 $16 Nxf8 25. Bxd6 ({White should play} 25. Rxd6 $18 Rh3 26. Qd4) 25... Qc8 26. Bg3 {[%mdl 1024] White has strong compensation.} Rd8 27. Rf1 ({Reject} 27. Rxd8 $6 Qxd8 28. a3 Rh6 $11) 27... Ng6 {[%cal Bf8g6,Bg6f4,Bf4e6,Be6d4,Bd4c2][%mdl 32]} 28. a4 Rhf8 {[%cal Bh8f8,Bf8f6,Bf6g6,Bg6g2][%mdl 32]} 29. Rg1 Rf6 30. Qb6 (30. Qc5 $16) 30... Rdf8 (30... e5 $1 $11) 31. Bc4 (31. Bd6 $1 $16) 31... e5 $132 {[%mdl 2048] White must now prevent ...Bb5. Black is not keeping still} 32. Qb4 Nf4 33. Bh4 {[%cal Bg3h4,Bh4e7,Be7d6][%mdl 32]} Rg6 34. Rd1 Ne6 $1 35. Be7 Re8 $1 36. Bd6 Nd4 $1 37. Bc5 Qc7 38. Bd5 Rg2 39. Bb6 Nxc2 40. Qa5 Qc8 {Strongly threatening ...Bxd5.} 41. Nb5 {Nc7+ is the strong threat.} Bxd5 $1 42. Nc7+ {[#]} Kb8 $2 {[%mdl 8192]} (42... Qxc7 $1 $11 {[%mdl 512]} 43. Bxc7 Bxe4) 43. Qxd5 (43. Qc5 $142 Qd8 44. Ba7+ Kc8 45. Nxe8+ Bc6 46. Nd6+ Kc7 47. Nb5+ $1 {[%mdl 512]} Kc8 48. Rxd8+ Kxd8 49. Qf8+ Kd7 50. Qd6+ Ke8 51. Qe6+ Kf8 52. Bc5#) 43... Ne3 {[#]} 44. Qc5 $1 {[%csl Gc5][%cal Rb6a7][%mdl 512]} Rxb2+ 45. Kxb2 {[%csl Gc5][%cal Rb6a7]} Nxd1+ 46. Kc1 {[%csl Gc5][%cal Rb6a7]} Qg4 {[#]} 47. Nxa6+ $1 {[%mdl 512] White mates.} Ka8 (47... bxa6 48. Qc7+) 48. Nc7+ Kb8 49. Ba7+ Kc8 50. Nb5+ {Precision: White = 60%, Black = 51%.} 1-0

[Event "4th Ordu Open 2018"]
[Site "Ordu"]
[Date "2018.04.12"]
[Round "1.8"]
[White "Gokbulut, Julia"]
[Black "Papin, Vasily"]
[Result "0-1"]
[WhiteElo "2063"]
[BlackElo "2475"]
[Annotator "TA"]
[PlyCount "86"]
[EventType "swiss"]
[EventCountry "TUR"]
[SourceTitle "playchess.com"]
[Source "ChessBase"]
[SourceQuality "1"]

{[%evp 14,86,0,0,0,0,0,-45,-28,-39,-38,-33,-34,-31,-29,-41,-25,-28,-21,-35,-33,-38,-19,-26,-33,-61,-19,-72,-79,-91,-95,-82,-55,-45,-58,-62,-47,-45,-46,-160,-75,-147,-153,-261,-251,-262,-227,-194,-143,-158,-146,-158,-121,-474,-454,-534,-519,-511,-508,-569,-564,-629,-498,-718,-704,-697,-625,-988,-822,-695,-458,-2230,-360,-554,385]} 1. d4 Nf6 2. c4 e6 3. e3 d5 4. Nc3 c6 5. Nf3 Nbd7 6. cxd5 exd5 7. Bd3 Bd6 8. Qc2 {LiveBook: 20 Games. D45: Semi-Slav: 5 e3} (8. a3 O-O 9. Qc2 Re8 10. Bd2 Qe7 11. b4 a6 12. Na4 Ne4 13. O-O Rb8 14. Bc3 Ndf6 15. Bb2 Ng4 {½-½ (55) Gheng,J (2347)-Demidov,M (2524) Pardubice 2017}) 8... a5 9. O-O $146 ({Find the theoretical novelty and annotate with similar games:} 9. b3 O-O 10. O-O h6 11. h3 Re8 12. Rd1 Nb6 13. Bb2 a4 14. bxa4 Be6 15. Rab1 Qc7 {1-0 (28) Baciak,M (2197)-Skula,J (2011) ICCF email 2015}) 9... O-O 10. e4 {The position is equal.} dxe4 11. Nxe4 Nxe4 12. Bxe4 Nf6 13. Bd3 h6 14. h3 Nd5 15. a3 Qf6 16. Be4 Be6 17. Be3 Rfd8 18. Rad1 a4 19. Qb1 Nf4 20. Bxf4 (20. Rfe1 $11) 20... Bxf4 $17 21. Rfe1 Bc7 {[%cal Bf4c7,Bc7b6,Bb6d4][%mdl 32]} 22. Re2 Rd6 23. Qc1 Bb6 24. Qc3 Rad8 {[%cal Rb6d4]} 25. Qb4 Bxd4 26. Rc1 ({White should play} 26. Rdd2 $1 $15) 26... Qf4 (26... Bb3 $142 27. Rce1 Bxb2) 27. Rce1 b5 28. Bxc6 (28. Rd2 $17 {keeps fighting.} Be5 29. Rxd6 Bxd6 30. Qa5) 28... Rxc6 $19 29. Re4 {[#]} Bxf2+ $1 30. Kxf2 Rc2+ (30... Qb8 $19 {And now ...Qb6+ would win.} 31. Qa5 Rcc8) 31. R1e2 $17 Rxe2+ 32. Rxe2 Bc4 $36 {[%mdl 2048] ...Rd1 is the strong threat. Black is on the roll.} 33. Re1 $2 {[%mdl 8192]} (33. Rd2 $17 {nothing else works.} Re8 34. Qc3) 33... Rd3 $19 34. Re8+ Kh7 35. Qe1 Rb3 36. Kg1 Rxb2 37. Re4 Qf6 38. Qg3 (38. Rd4 $142 Rb3 39. Qe4+ g6 40. Nd2) 38... Bd5 39. Rf4 Qc6 40. Qh4 Bxf3 41. Rxf3 Qc2 {[%csl Gb2][%cal Rc2g2] [#]} 42. Rg3 (42. Qg4 $142 Qc5+ 43. Kh2) 42... Qc1+ (42... Qc5+ $142 43. Kh2 Qe5) 43. Kh2 Qc7 $4 {[%mdl 40960] Precision: White = 40%, Black = 53%. . Loss on Time!?} (43... Rb1 $19 {[%csl Gb1][%cal Rc1h1] and all is fine.} 44. Qe4+ g6) 0-1

[Event "4th Ordu Open 2018"]
[Site "Ordu"]
[Date "2018.04.11"]
[Round "1.9"]
[White "Quparadze, Giga"]
[Black "Sahin, Doga Boran"]
[Result "1-0"]
[WhiteElo "2471"]
[BlackElo "2005"]
[Annotator "TA"]
[PlyCount "67"]
[EventType "swiss"]
[EventCountry "TUR"]
[SourceTitle "playchess.com"]
[Source "ChessBase"]
[SourceQuality "1"]

{[%evp 16,67,0,-7,0,1,8,22,37,10,34,27,78,84,97,93,95,83,93,82,83,78,102,93,97,94,117,90,116,104,132,118,102,97,224,218,220,220,222,226,309,216,381,375,383,377,409,363,360,360,353,357,352,347]} 1. e4 e6 2. d4 d5 3. Nd2 c5 4. Ngf3 cxd4 5. Nxd4 Nf6 6. exd5 Qxd5 7. Nb5 {C07: French Tarrasch: 3...c5, 4 Ngf3 and 4 exd5 Qxd5} Na6 (7... Qd8 8. Bd3 a6 9. Nc3 Nc6 10. O-O Ne5 11. Be2 b5 12. Nf3 Qxd1 13. Rxd1 Nc6 14. Bf4 Bb7 {0-1 (53) Vachier Lagrave,M (2796)-Caruana,F (2808) Paris 2017}) 8. c4 Qc6 9. Nf3 {LiveBook: 6 Games. The position is equal.} Bb4+ 10. Bd2 {Black must now prevent Bxb4.} Bxd2+ 11. Qxd2 {aiming for Nd6+.} O-O 12. Be2 Qc5 $146 ({Find the theoretical novelty and annotate with similar games:} 12... Qb6 13. O-O Rd8 14. Qf4 Bd7 {1-0 (50) Herman,B-Dostal,S (1769) ICCF email 2013}) 13. O-O e5 (13... Bd7 $11 {keeps the balance.}) 14. a3 $16 e4 15. b4 Qe7 16. Nfd4 {[%cal Bf3d4,Bd4b5,Bb5d6][%mdl 32]} Nc7 17. Nxc7 Qxc7 18. Nb5 Qe7 19. Qd6 $36 {[%mdl 2048] White is on the roll.} Qxd6 20. Nxd6 b6 21. c5 bxc5 22. bxc5 Be6 23. Rfd1 Bd5 24. Rac1 {Threatens to win with c6.} Bc6 {[#]} (24... Rfd8 $16) 25. Nf5 $1 $18 {[%cal Rf5e7]} Rfe8 26. Rd6 Bd7 {[#]} 27. Nd4 $1 Rec8 28. c6 Kf8 $2 (28... a6 29. h3 Kf8) 29. Ba6 {White is winning.} Ke7 30. Nb5 ({Less strong is} 30. Rxd7+ Nxd7 31. c7 (31. Bxc8 Rxc8 32. Nf5+ Ke6 $16) 31... Nb6 $16) 30... Rab8 {intending ...Rxb5.} 31. Rxd7+ Nxd7 32. Bxc8 ({Not} 32. Nxa7 Rc7 $16) 32... Rxc8 33. Nxa7 Rc7 34. Nb5 {Precision: White = 87%, Black = 43%.} 1-0